| 000 | 00461nam a22001577a 4500 | ||
|---|---|---|---|
| 005 | 20240802125117.0 | ||
| 008 | 240802b |||||||| |||| 00| 0 eng d | ||
| 041 | _aEnglish | ||
| 082 | _a349 SOU | ||
| 100 | _lEnglish/Afrikaans | ||
| 245 | _aSouth African Law Reports: Natal | ||
| 260 |
_aJohannesburg: _bDigma Publications, _c1939 |
||
| 300 |
_bxvi, 395 pages; _c25 cm. |
||
| 650 |
_aLegal practice _bLaw |
||
| 942 |
_cBK _6ALISON_BN_VRIES |
||
| 999 |
_c2402 _d2402 |
||